समाजशास्त्रीय सिद्धांत / (Record no. 53240)

MARC details
000 -LEADER
fixed length control field 01083nam a22002537a 4500
005 - DATE AND TIME OF LATEST TRANSACTION
control field 20110627112634.0
008 - FIXED-LENGTH DATA ELEMENTS--GENERAL INFORMATION
fixed length control field 110627t xxu||||| |||| 00| 0 mar d
010 ## - LCCN (DPL NO)
LC control number MAR-21021
020 ## - INTERNATIONAL STANDARD BOOK NUMBER
Terms of availability 240.00
035 ## - SYSTEM CONTROL NUMBER
System control number MR-13679
037 ## - SOURCE OF ACQUISITION
Source of stock number/acquisition DBAD/PUB
040 ## - CATALOGING SOURCE
Original cataloging agency DPL
Language of cataloging MR
082 ## - DEWEY DECIMAL CLASSIFICATION NUMBER
Classification number 303.4
100 ## - MAIN ENTRY--PERSONAL NAME
9 (RLIN) 28800
245 ## - TITLE STATEMENT
Title समाजशास्त्रीय सिद्धांत /
Statement of responsibility, etc कमल मुळे द्वारा संपादित
246 ## - VARYING FORM OF TITLE
Title proper/short title Samajshastriya Siddhant
260 ## - PUBLICATION, DISTRIBUTION, ETC. (IMPRINT)
Place of publication, distribution, etc औरंगाबाद
Name of publisher, distributor, etc विचार प्रकाशन
Date of publication, distribution, etc 2009
270 ## - ADDRESS
Address ए 14,कासलीपुष्प,नागेश्वरवाडी,
City औरंगाबाद
Postal code 431001
300 ## - PHYSICAL DESCRIPTION
Extent तेरा,260पृ
Other physical details 21सेमी(अजिल्द)
650 ## - SUBJECT ADDED ENTRY--TOPICAL TERM
9 (RLIN) 28808
700 ## - ADDED ENTRY--PERSONAL NAME
Personal name मुळे,कमल
9 (RLIN) 28813
942 ## - ADDED ENTRY ELEMENTS (KOHA)
Source of classification or shelving scheme Dewey Decimal Classification
Item type Marathi Books
Classification part 303.4
Call number suffix समाज
Holdings
Withdrawn status Lost status Source of classification or shelving scheme Damaged status Not for loan Collection code Home library Current library Date acquired Source of acquisition Cost, normal purchase price Total Checkouts Full call number Barcode Date last seen Copy number Cost, replacement price Koha item type
    Dewey Decimal Classification   Not For Loan Non-fiction D.B.Act.Division D.B.Act.Division 27/06/2011 DBAD / PUB 240.00   303.4 समाज MR-13679 27/06/2011 1 240.00 Marathi Books

© Delhi Public Library
Hit Counter
free hit counter